00663nam a2200217Ia 450000500170000000800410001702000290005804000190008704100120010608200170011824500990013526000400023430000100027444000270028450400500031163000190036165000130038065100180039370000230041185000110043420231201102731.0131103s9999 xx 000 0 und d a8189612719cRs 25oo(set) aLoreto College aEnglish a396.03 bMIS aEncyclopaedia of Women, Vol 2, b Status of Women in Modern Society, cEdited by Kavita Mishra aNew DelhibOmega Publicationsc2007 a282p  aEncyclopaedia of Women aIncludes bibliographical references and index aGender Studies aFeminism aWomen Studies aMishra, Kavita, ed aLCLIB